| 000 | 00555nam a2200181Ia 4500 | ||
|---|---|---|---|
| 999 |
_c3672 _d3672 |
||
| 003 | OSt | ||
| 005 | 20200821102229.0 | ||
| 008 | 190216s9999||||xx |||||||||||||| ||und|| | ||
| 020 | _a9781891389498 | ||
| 040 | _coclc | ||
| 082 |
_a541.369 _bHAN/I |
||
| 100 |
_aHanson, Robert M _94245 |
||
| 245 | 0 |
_aIntroduction To Molecular Thermodynamics / _cRobert M Hanson ; Susan Green |
|
| 260 |
_bUniversity Science Books, _c2013. _aCalifornia: |
||
| 300 | _a296p | ||
| 650 | _aChemistry | ||
| 942 |
_cBK _2ddc _h541.369 _iHAN/I _k541.369 _mHAN/I |
||